| 000 | 00833nam a2200229Ia 4500 | ||
|---|---|---|---|
| 003 | OSt | ||
| 005 | 20220923220630.0 | ||
| 006 | a|||||r|||| 00| 0 | ||
| 007 | ta | ||
| 008 | 220922b |||||||| |||| 00| 0 hin d | ||
| 024 | _a188,102 | ||
| 037 | _cTextual | ||
| 040 |
_aARTS _cARTS _bhin |
||
| 041 |
_2hin _ahin |
||
| 082 | _aV282:1:M, 152G6 | ||
| 100 |
_aओझा, गौरीशंकर हीराचन्द्र _9164407 |
||
| 245 | 0 |
_aराजपूतानो का इतिहास _b बांसवाड़ा राज्य का इतिहास |
|
| 246 | _aRājapūtāno kā itihāsa: bāansavāड़ā rājya kā itihāsa | ||
| 260 | _c1936 | ||
| 942 |
_hV282:1:M, 152G6 _cTEXL _2CC |
||
| 999 |
_c341178 _d341178 |
||